000 01330nam a2200241 a 4500
003 PILC
005 20260121115529.0
008 081210s2004 xx 00 eng d
010 _aAcc#39874
020 _a9715424279
040 _cPhilippine Baptist Theological Seminary
050 _aFil PN 56 .W6
_bEn12 2004
100 1 0 _aEncanto, Georgina Reyes
245 1 0 _aConstructing the Filipina :
_ba history of women's magazines (1891-2002) /
_cGeorgina Reyes Encanto.
260 0 _aQuezon City, Phils. :
_bUP Press,
_cc2004.
300 _axi, 121 p. ; 23 cm.
500 _aIncludes bibliographical references.
505 _aGramsci's theory of hegemony, althusser's ideological state apparatuses, and popular culture -- Women's magazines in the Spanish Colonial period (1891-1898): subjugation and resistance to Feudalistic patriarchy -- Magazines in the American regime (1898-1945): Sites for negotiating women's rights -- The postwar years (1945-1971): deepening the colonial consciousness of the Filipina -- Women's magazines during the martial law years (1972-1986): Politicing women's magazines -- Women's magazines from 1986-2002: incorporation and resistance
650 _aWOMEN'S PERIODICALS, PHILIPPINE
_xHISTORY
650 _aWOMEN
_xPRESS COVERAGE, PHILIPPINES
650 4 _aWOMEN
_xPHILIPPINES
942 _cCB
_2lcc
999 _c18598
_d18598